000 00259nam a2200121Ia 4500
008 190216s9999||||xx |||||||||||||| ||und||
100 _aJames Hemming
245 0 _aBusy Week
260 _bLongmans
_c1963
300 _a45p
650 _aSpeeches
942 _cBK
999 _c12488
_d12488